| 000 | 00870nam a22002651c 4500 | ||
|---|---|---|---|
| 001 | a987692483 | ||
| 008 | 190904s2019 gw a||| 000u ger d | ||
| 020 |
_a9783835335325 _9978-3-8353-3532-5 |
||
| 041 | _ager | ||
| 245 | 0 | 0 |
_aRecht - Verbrechen - Folgen : _bdas Strafgefängnis Wolfenbüttel im Nationalsozialismus / _cMartina Staats, Jens-Christian Wagner (Hg.) ; Bearbeitung Janna Lölke |
| 264 |
_aGöttingen : _bWallstein, _c2019 |
||
| 300 | _a296 Seiten ; Illustrationen | ||
| 648 | 0 | _aG1933-1945 | |
| 650 | 0 | _aJustizvollzugsanstalt | |
| 650 | 0 | _aJustiz | |
| 650 | 0 | _aStrafvollzug | |
| 655 | 0 | _aAusstellungskatalog | |
| 655 | 0 | _aAufsatzsammlung | |
| 700 | 1 |
_aStaats, Martina _eHerausgeberIn |
|
| 700 | 1 |
_aWagner, Jens-Christian _eHerausgeberIn |
|
| 700 | 1 |
_aLölke, Janna _eBearbeiterIn |
|
| 942 | _cMG | ||
| 040 | _cRU-10907106 | ||
| 003 | RU-10907106 | ||
| 999 |
_c29767 _d29767 |
||